| 000 | 00628nam a2200205Ia 4500 | ||
|---|---|---|---|
| 003 | OSt | ||
| 005 | 20260204153414.0 | ||
| 008 | 210210b1959 xxu||||| |||| 00| 0 eng d | ||
| 040 | _cAL | ||
| 041 | _aKannada | ||
| 082 | _a852/486 | ||
| 100 |
_aRADHAKRASHNA (N S) _dರಾಧಾಕೃಷ್ಣ (ಎನ್ ಎಸ್) _9253670 |
||
| 245 |
_aMatadharmada punarujjivana _bಮತಧರ್ಮದ ಪುನರುಜ್ಜಿವನ |
||
| 260 |
_aMaisUru _bChetana Pustakalaya _c1959 |
||
| 650 |
_apunarujjIvana _9253671 |
||
| 650 |
_aMatadharmada _9253672 |
||
| 690 |
_aKannada Prose _9253673 |
||
| 906 | _a019052 | ||
| 942 |
_2ddc _cBK |
||
| 999 |
_c143125 _d143125 |
||